[Event "Wch Rapid"]
[Site "Samarkand"]
[Date "2023.12.26"]
[Round "3"]
[White "Pantsulaia, Levan"]
[Black "Saydaliev, Saidakbar"]
[Result "1-0"]
[WhiteElo "2561"]
[BlackElo "2426"]
[PlyCount "53"]
[EventDate "2023.12.26"]
[EventType "swiss (rapid)"]
[EventRounds "13"]
[EventCountry "UZB"]
[SourceTitle "CB01_2024"]
[SourceDate "2024.01.03"]
[SourceVersion "1"]
[SourceVersionDate "2024.01.03"]
[SourceQuality "1"]

1. Nf3 Nf6 2. g3 d5 3. Bg2 e6 4. 0-0 Be7 5. c4 0-0 6. b3 c5 7. e3 Nc6 8. Bb2 b6 9. Nc3 Bb7 10. cxd5 exd5 11. d4 Re8 12. Rc1 Bf8 13. Qd3 Rc8 14. dxc5 bxc5 15. Rfd1 Qa5 16. Nxd5 Ne4 17. Nh4 Qxa2 18. Bxe4 Qxb2 19. Bxh7+ Kh8 20. Qf5 Qe5 21. Qxf7 Kxh7 22. Qxb7 Red8 23. Qf7 Rd6 24. Nf3 Qe8 25. Ng5+ Kh8 26. Rc4 Rh6 27. Qxe8 1-0

[Event "Sitges Sunway op 10th"]
[Site "Sitges"]
[Date "2023.12.21"]
[Round "9"]
[White "Priyanka, Nutakki"]
[Black "Saydaliev, Saidakbar"]
[Result "1-0"]
[WhiteElo "2267"]
[BlackElo "2426"]
[PlyCount "71"]
[EventDate "2023.12.12"]
[EventType "swiss"]
[EventRounds "10"]
[EventCountry "ESP"]
[SourceTitle "CB52_2023"]
[SourceDate "2023.12.27"]
[SourceVersion "1"]
[SourceVersionDate "2023.12.27"]
[SourceQuality "1"]

1. c4 Nf6 2. Nc3 e5 3. g3 c6 4. d4 d6 5. Bg2 Nbd7 6. Nf3 Be7 7. 0-0 0-0 8. e4 a5 9. b3 Re8 10. Bb2 Bf8 11. Qc2 exd4 12. Nxd4 Nc5 13. Rad1 Qb6 14. Ba3 g6 15. h3 a4 16. b4 Ne6 17. Nde2 Nd7 18. Kh2 Ne5 19. Nb1 Qa6 20. Nd2 b5 21. f4 Nxc4 22. Nxc4 bxc4 23. f5 Ng7 24. Bb2 a3 25. Ba1 Rb8 26. Qc3 Bxf5 27. exf5 Rxe2 28. fxg6 hxg6 29. Rxd6 Rbe8 30. Rxg6 R8e5 31. Qf3 Re7 32. Bxg7 Bxg7 33. Rxg7+ Kxg7 34. Qf6+ Kg8 35. Rf4 Rd7 36. Rh4 1-0

[Event "Sitges Sunway op 10th"]
[Site "Sitges"]
[Date "2023.12.20"]
[Round "8"]
[White "Saydaliev, Saidakbar"]
[Black "Bharath, Subramaniyam H"]
[Result "0-1"]
[WhiteElo "2426"]
[BlackElo "2504"]
[PlyCount "60"]
[EventDate "2023.12.12"]
[EventType "swiss"]
[EventRounds "10"]
[EventCountry "ESP"]
[SourceTitle "CB52_2023"]
[SourceDate "2023.12.27"]
[SourceVersion "1"]
[SourceVersionDate "2023.12.27"]
[SourceQuality "1"]

1. d4 Nf6 2. c4 e6 3. Nc3 Bb4 4. e3 b6 5. Bd2 Bb7 6. Nf3 0-0 7. Bd3 d5 8. cxd5 exd5 9. 0-0 Bd6 10. Ne5 c5 11. f4 Nc6 12. Ne2 Ne4 13. Be1 Ne7 14. Ng3 Rc8 15. Nh5 Nf5 16. Qg4 g6 17. Qh3 f6 18. g4 Nxe3 19. Bxe4 fxe5 20. dxe5 Nxf1 21. g5 Bxe5 22. Qe6+ Rf7 23. Bxg6 hxg6 24. Qxg6+ Bg7 25. f5 d4 26. Kxf1 Qd5 27. Nf6+ Rxf6 28. gxf6 Qh1+ 29. Kf2 Qxh2+ 30. Kf1 Ba6# 0-1

[Event "Sitges Sunway op 10th"]
[Site "Sitges"]
[Date "2023.12.19"]
[Round "7"]
[White "Sankalp, Gupta"]
[Black "Saydaliev, Saidakbar"]
[Result "1/2-1/2"]
[WhiteElo "2523"]
[BlackElo "2426"]
[PlyCount "122"]
[EventDate "2023.12.12"]
[EventType "swiss"]
[EventRounds "10"]
[EventCountry "ESP"]
[SourceTitle "CB52_2023"]
[SourceDate "2023.12.27"]
[SourceVersion "1"]
[SourceVersionDate "2023.12.27"]
[SourceQuality "1"]

1. d4 Nf6 2. Nf3 d5 3. c4 e6 4. Nc3 Bb4 5. Qa4+ Nc6 6. e3 0-0 7. Qc2 Re8 8. Bd2 e5 9. cxd5 Nxd5 10. dxe5 Bxc3 11. Bxc3 Nxc3 12. Qxc3 Bg4 13. Rd1 Qe7 14. Bb5 Bxf3 15. gxf3 Qxe5 16. Qxe5 Rxe5 17. Bxc6 bxc6 18. Rd2 a5 19. Ke2 Kf8 20. Rc1 Ra6 21. Rd7 Re7 22. Rd4 Re5 23. Rdc4 Rb5 24. b3 a4 25. b4 a3 26. Kd3 Ra4 27. Rxc6 Raxb4 28. Rxc7 Rd5+ 29. Ke2 Rb2+ 30. R1c2 Rxc2+ 31. Rxc2 Rh5 32. Rc3 Rxh2 33. Rxa3 Rh1 34. f4 g6 35. Kf3 h5 36. Kg2 Ra1 37. Ra8+ Ke7 38. a4 Ke6 39. a5 Ra4 40. a6 Kf6 41. Kf3 Ra3 42. a7 Kg7 43. Kg3 Ra1 44. e4 Rg1+ 45. Kh2 Ra1 46. Kg2 Ra3 47. f3 Ra1 48. Kh2 Kf6 49. Kg3 Rg1+ 50. Kf2 Ra1 51. e5+ Kg7 52. Kg2 Ra4 53. Kg3 Kh7 54. Kh2 Kg7 55. Kg2 Kh7 56. Kg3 Kg7 57. f5 gxf5 58. f4 Kh7 59. Rd8 Rxa7 60. Kh4 f6 61. e6 Kg6 1/2-1/2

[Event "Sant Boi de Llobregat op 4th"]
[Site "Sant Boi de Llobregat"]
[Date "2023.12.04"]
[Round "5"]
[White "Saydaliev, Saidakbar"]
[Black "Sethuraman, SP."]
[Result "1/2-1/2"]
[WhiteElo "2426"]
[BlackElo "2582"]
[PlyCount "148"]
[EventDate "2023.11.30"]
[EventType "swiss"]
[EventRounds "9"]
[EventCountry "ESP"]
[SourceTitle "CB50_2023"]
[SourceDate "2023.12.13"]
[SourceVersion "1"]
[SourceVersionDate "2023.12.13"]
[SourceQuality "1"]

1. e4 c5 2. Nf3 d6 3. d4 cxd4 4. Nxd4 Nf6 5. Nc3 a6 6. a3 e6 7. Bc4 Be7 8. 0-0 0-0 9. Ba2 b5 10. f4 Bb7 11. Re1 Qc7 12. Kh1 Nbd7 13. f5 e5 14. Nf3 Rac8 15. Bg5 Qb8 16. Nd2 Qa8 17. Qe2 h6 18. Bh4 Bd8 19. Rad1 Qb8 20. Qd3 Ba8 21. Bxf6 Nxf6 22. Nd5 Bxd5 23. Bxd5 Qb6 24. h3 a5 25. Bb3 Qc6 26. c3 Bb6 27. Nf3 Bc5 28. g4 Kh8 29. Rd2 b4 30. cxb4 axb4 31. a4 Qb6 32. Rg2 Bf2 33. Re2 Bd4 34. Qd2 Qb7 35. Nxd4 exd4 36. Qxd4 Rfe8 37. Bd5 Rc1+ 38. Kh2 Qe7 39. g5 hxg5 40. Rxg5 Rec8 41. Reg2 Rg8 42. R5g3 Nh5 43. Qd2 Rgc8 44. Qg5 Qxg5 45. Rxg5 Nf4 46. Bxf7 g6 47. R2g4 R1c2+ 48. Kg3 Ne2+ 49. Kh4 Kg7 50. Bxg6 Kf6 51. Bh5 Nd4 52. e5+ dxe5 53. Rg6+ Kxf5 54. Rh6 R8c6 55. Bg6+ Rxg6 56. Rhxg6 Rxb2 57. a5 Ra2 58. a6 b3 59. Rb6 b2 60. Rg8 Rxa6 61. Rxb2 Kf4 62. Rg4+ Ke3 63. Rb8 e4 64. Re8 Nf3+ 65. Kg3 Nd2 66. h4 Ra1 67. Kg2 Ra5 68. Rg5 Ra2 69. Kg3 Ra1 70. Kg2 Nf3 71. Rg4 Rg1+ 72. Kh3 Rh1+ 73. Kg2 Rg1+ 74. Kh3 Rh1+ 1/2-1/2